banner-ar

AN AGRICULTURAL POLICY ANALYSIS IN EGYPT / (Record no. 13567)

MARC details
000 -الفاتح
حقل البيانات ثابتة الطول 00568nam a2200217Ia 4500
008 - عناصر البيانات ثابتة الطول - معلومات عامة
حقل البيانات ثابتة الطول 140319s9999 xx 000 0 eng d
040 ## - مصدر الفهرسة
وكالة الفهرسة الأصلية GCL /
وكالة النسخ GCL
082 04 - رقم تصنيف ديوى العشرى
رقم التصنيف 338.1862
رقم المادة B A
100 1# - المدخل الرئيسى - إسم شخصى
الإسم الشخصى NASSER, SAAD
245 10 - بيان العنوان
العنوان AN AGRICULTURAL POLICY ANALYSIS IN EGYPT /
بيان المسئوليه,etc NASSER, SAAD
700 1# - المدخل الاضافى - اسم شخصى
الإسم الشخصى ABDON, DYAA
700 1# - المدخل الاضافى - اسم شخصى
الإسم الشخصى BISHAY, F.K
260 ## - PUBLICATION, DISTRIBUTION, ETC. (IMPRINT)
تاريخ النشر أو التوزيع 1994
300 ## - الوصف المادى
التعداد 179 P
650 04 - المدخل الاضافى بالموضوع-مصطلح موضوعى
مصطلح موضوعي ECONOMIC CONDITIONS
650 04 - المدخل الاضافى بالموضوع-مصطلح موضوعى
مصطلح موضوعي ECONOMIC ASPECTS
650 04 - المدخل الاضافى بالموضوع-مصطلح موضوعى
مصطلح موضوعي AGRICULTURE
650 04 - المدخل الاضافى بالموضوع-مصطلح موضوعى
مصطلح موضوعي AGRICULTURE AND STATE EGYPT
942 ## - عناصر المدخل الإضافي( كوها)
مصدر التصنيف او مخطط الترفيف Dewey Decimal Classification
Koha [default] item type كتاب
260 ## - PUBLICATION, DISTRIBUTION, ETC. (IMPRINT)
-- [S.N] :
-- FAO ،
Holdings
حالة التراجع حالة الفقد حالة تلف ليس للاعارة المكان المؤقت الموقع الحالى تاريخ الاكتساب اجمالي اﻻعارات رقم الطلب الباركود تاريخ اخر مشاهدة تاريخ تفعيل السعر نوع وعاء كوها
        مكتبة القاهرة الكبرى مكتبة القاهرة الكبرى 03/26/2014   338.1862\B A 25899 03/26/2014 03/26/2014 كتاب

Powered By

EGPV